Statistiques concernant Reliez les paroles des chansons d'Orelsan à son titre

Cliquez ici pour prendre le quiz!

Statistiques générales

  • Ce quiz a été pris 858 fois
  • Le résultat moyen est 11 sur 15

Statistiques - réponses

HintRéponse% Correct
"Les gens les plus intelligents sont pas toujours ceux qui parlent le mieux"Basique
92%
"Puisqu'on est tous réunis ici, pour chanter 'Les démons de minuit', manger d'la mousse de canard sur des blinis, danser sous les stroboscopes de Gifi"Défaite de famille
91%
"À cinq ans, j'voulais juste en avoir sept, à sept ans, j'étais pressé d'voir le reste"La Quête
89%
"Si le monsieur dort dehors, c’est qu’il aime le bruit des voitures, s’il s’amuse à faire le mort, c’est qu’il joue avec les statues"Tout va bien
84%
"T'as besoin d'une voiture pour aller travailler, tu travailles pour rembourser la voiture que tu viens d'acheter, tu vois l'genre de cercle vicieux ?"La Terre est ronde
79%
"Cinq heures du mat' sur le port, un dernier shot, c'est pour ma ville, sauce magique, beau gosse"Du Propre
78%
"Laisse-moi dire deux-trois conneries, avant que t'en fasses une le problème de la vie c'est qu'il y en a qu'une"Jour Meilleur
77%
"Ils disent que, pour tenir un couple, faut l'entretenir tous les jours, ces connards n'y connaissent rien en amour"Paradis
77%
"Aujourd'hui sera le dernier jour de mon existence, la dernière fois que je ferme les yeux, mon dernier silence"Suicide Social
74%
"J'suis les Beatles pour les jeunes ados, j'pourrais passer sur 'Sky même si mon single s'appelait Fun Radio, j'crache dans tes règles ça fait ketchup-mayo"Jimmy Punchline
72%
"J'viens d'la France où on danse la chenille, où on prend plus de caisses que des crash tests dummies"La Pluie
71%
"Les jeux sont faits, tous nos leaders ont échoué, ils s'ront détruits par la bête qu'ils ont créée"L’Odeur de l’essence
69%
"J'attends, pas grand-chose de spécial, les jours passent et se ressemblent un peu, tout le temps, la tête dans les étoiles"Si Seul
59%
"Je porte un toast à la mort de l'industrie, sortez les huit six on viens fêter la fin du disque, écouter la radio c'est devenu un supplice"Raelsan
56%
"Quand j'étais p'tit, y'avait pas d'Internet, on traînait dans les abribus, fallait attendre dimanche soir pour voir des filles nues"Changement
52%

Distribution des résultats

Percentile par nombre de réponses

% des personnes avec chaque résultat

Votre développement - résultats

Vous n’avez pas pris ce quiz